| 000 | 00743nam a22002055i 4500 | ||
|---|---|---|---|
| 001 | 161367 | ||
| 003 | ES-MaACL | ||
| 005 | 20230906212254.0 | ||
| 008 | 010913s1891 sp af |||| | spa d | ||
| 040 |
_aCCPB | B _bspa _cCCPB | B |
||
| 100 | 1 |
_aPardo, Manuel. _9130845 |
|
| 245 | 1 | 0 |
_aMateriales de construcción / _cpor Manuel Pardo. |
| 250 | _a2ª ed., corr. y aum. | ||
| 260 |
_aMadrid : _b[s.n.], _c1891 ( _fimprenta y fundición de Manuel Tello) |
||
| 300 |
_a2 v. ; _c24 cm. |
||
| 505 | 8 | _aContiene: Texto (788 p.) -- Atlas (28 h. de grab.) | |
| 599 | _aLas h. de grab. lit.: "J. Navarro dº. Lit. E. Fernández..." | ||
| 650 | 4 |
_aMateriales de construcción. _914844 |
|
| 852 |
_aES-MaACL _jF-10900-10901 _z-- Enc. pasta española |
||
| 999 |
_c161367 _d161367 |
||